000 00739nam a2200217Ii 4500
003 JO-AjNU
005 20240909101607.0
008 230605s9999||||xx |||||||||||||| ||und||
017 _a2010/6/2361
040 _aJO-AjNU
_bara
_erda
_cJO-AjNU
041 _aara
050 1 4 _aLB17.A2277 2010
245 0 0 _aالتربية العملية أهدافها ومبادئها /
_cعبد الرحمن صالح عبدالله
264 3 1 _aعمان:دار أمواج للطباعة والنشر،2010
300 _a128ص
336 _atext
_btxt
_2rdacontent
337 _aunmediated
_bn
_2rdamedia
338 _avolume
_bnc
_2rdacarrier
650 4 _aالمدرسون-تدريب-التعليم-فلسفة التدريس
_950426
942 _2lcc
_cBK
999 _c25780
_d25780